00728cam a22002291 4500001001300000003000400013005001700017008004100034010001700075035002000092040004300112042001200155050003000167100002100197245005700218260005000275300002300325440004200348504005400390651003700444999001700481sd 50000127 DLC20260227112736.0940624s1950 nyu b 000 0 eng c asd 50000127  a(OCoLC)30657852 aU.S. Dept. of State. LibrarycIENdDLC apremarc00aD410b.F65 vol. 26, no. 31 aThorner, Daniel.00aProspects for economic development in southern Asia. aNew York,bForeign Policy Association,c1950. a[18]-28 p.c27 cm. 0aForeign policy reports,vv. 26, no. 3 a"Economic literature of southern Asia": p. 27-28. 0aAsiaxEconomic conditionsy1945- c90026d90026